=LDR 00000nam 2200000 4500 =001 INLIS000000000036723 =005 20130612142507 =008 ***********************************Ind** =035 ##$$0010-061300000036723 =041 ##$$a Ind =082 ##$$a 420.76 =090 ##$$a 420.76, Ari b =100 ##$$a Arifa, Muftia Arum =245 ##$$a Bahas tuntas 1001 soal bahasa Inggris SMA, Muftia Arum Arifa ; penyunting, Francisca =260 ##$$a 2010 $b Yogyakarta =300 ##$$a IV, 192 hlm, 28 cm =650 ##$$a Bahasa Onggris-Soal-Soal dan Pembahasan =850 ##$$a NBPNMAT